Language Quiz

Random Language Quiz
Score 0/20 Timer 10:00
0 Plays Today
Hint Answer % Correct
my apple m'úll
96.5%
his house a theach
88.4%
my book mo leabhar
80.2%
our coat ár gcóta
75.6%
your (singular) bagdo mhála
70.9%
their table a mbord
64%
her cup a cupán
47.7%
his sister a dheirfiúr
47.7%
your (plural) homework bhur n-obair bhaile
46.5%
your (singular) eyes do shúile
43%
Hint Answer % Correct
their hair a ngruaig
39.5%
their uncle a n-uncail
36%
my parents mo thuismitheoirí
34.9%
your (plural) school bhur scoil
33.7%
our father ár n-athair
30.2%
his friend a chara
30.2%
my dog mo mhadra
29.1%
your (singular) hair do ghruaig
27.9%
his name a ainm
27.9%
her child a páiste
26.7%

You're not logged in!

Compare scores with friends on all Sporcle quizzes.
OR
Log In

Sporcle TV

Today on Sporcle TV


Watch our educational content, quiz creation guides, and fun videos on Sporcle TV.

Show Comments

Extras

Created Sep 20, 2019ReportNominate

Top Quizzes Today


Score Distribution

Paid Content

Your Account Isn't Verified!

In order to create a playlist on Sporcle, you need to verify the email address you used during registration. Go to your Sporcle Settings to finish the process.

Report this User

Report this user for behavior that violates our Community Guidelines.

Details: